000 00299nam a22001337a 4500
008 171020b xxu||||| |||| 00| 0 eng d
020 _a9780132349239
041 _aeng
080 _a338
100 _a54
101 _aMEN
245 _aMANAGING MARKETING LINKAGES
_cCESPEDES,F.V
942 _2udc
_cBK
999 _c35246
_d35246